000 01980nam a2200337 a 4500
001 ebr10483616
003 CaPaEBR
006 m u
007 cr cn|||||||||
008 050223s2005 paua sb 010 0 eng d
010 _z 2005005324
020 _z1932031731 (pbk. : alk. paper)
020 _z9781932031737
020 _z9781599470726 (e-book)
040 _aCaPaEBR
_cCaPaEBR
035 _a(OCoLC)128327635
050 1 4 _aBL241
_b.S69 2005eb
082 0 4 _a201/.65
_222
245 0 0 _aSpiritual information
_h[electronic resource] :
_b100 perspectives on science and religion : essays in honor of Sir John Templeton's 90th birthday /
_cedited by Charles L. Harper.
260 _aWest Conshohocken, Pa. :
_bTempleton Foundation Press,
_cc2005.
300 _axvii, 602 p. :
_bill.
504 _aIncludes bibliographical references.
505 0 _apt. 1. Perspectives on Sir John Templeton's two domains : spiritual capital and spiritual information -- pt. 2. Perspectives on the history, and future, of the science-religion dialog -- pt. 3. Perspectives from cosmology, physics, and astronomy -- pt. 4. Perspectives from quantum mechanics, mathematics, and symbolic logic -- pt. 5. Perspectives on evolution and prpose -- pt. 6. Perspectives on sociology and ethics -- pt. 7. Perspectives on religion and health -- pt. 8. Perspectives on contemplation and the virtues -- pt. 9. Perspectives from theology and philosophy -- pt. 10. Perspectives from world religions.
533 _aElectronic reproduction.
_bPalo Alto, Calif. :
_cebrary,
_d2013.
_nAvailable via World Wide Web.
_nAccess may be limited to ebrary affiliated libraries.
650 0 _aReligion and science.
655 7 _aElectronic books.
_2local
700 1 _aTempleton, John,
_d1912-2008.
700 1 _aHarper, Charles L.,
_d1958-
710 2 _aebrary, Inc.
856 4 0 _uhttp://site.ebrary.com/lib/rucke/Doc?id=10483616
_zAn electronic book accessible through the World Wide Web; click to view
999 _c122826
_d122826